01153cam a2200265 a 450000100100000000500170001000800410002704000250006808200150009310000390010824500550014726000390020230000210024150400400026250400430030259000750034565000390042065000310045965000310049091000370052104900090055895201850056795201180075299900170087000001623920200929164331.0870323s1984 nq 000 0 spa d aDO-SdBNPbspacBNPHU a199bS487f1 aSerrano Caldera, Alejandro.93629410aFilosofía y crisis /cAlejandro Serrano Caldera. aManagua :bNueva Nicaragua,c1984. a164 p. ;c19 cm. aIncluye bibliografía: p. 159-164. aIncluye referencia al pie de páginas aPerteneció a la biblioteca personal de Juan Isidro Jimenes Grullón 4aFilosofía latinoaméricana9471 4aFilosofía europea936295 4aFilosofíaxHistoria9528 aValidado. Control de calidad MFF aBNGR 001050718MOaGRbGRcHDd2010-03-01iLF1l0o199 S487fp16239-10r2020-06-25w2020-06-25y1zPerteneció a la biblioteca personal de Juan Isidro Jimenes GrullónZNo se presta 001050718MOaGRbGRcHDd2011-10-19iLF1l0o199 S487fp16239-20r2020-06-25te.2w2020-06-25y1ZNo se presta c15776d15776